00838nam a2200205 a 450000100100000000500170001000800410002704000250006808200160009310000250010924501260013426000520026030000210031265000880033370000300042170000350045104900090048695201200049599900170061500002368020200930022405.0101218s1970 xxu r 000 0 spa d aDO-SdBNPbspacBNPHU axxxxxbY31n1 aYate, Kyle M.94877910aNociones esenciales del hebreo bíblico /cKyle M. Yates ; revisión Juan José Owens ; traducción S. Daniel Daglio. aTexas :bCasa Bautista de Publicaicones,c1970. a301 p. ;c20 cm. 4aKyle m. yates ; revisión juan josé owens ; traducción s. daniel daglio9487801 aOwens, Juan José9487811 aDaglio, S. Daniel,etr.948782 aBNGR 001054708MOaGRbGRcCTd2010-12-18iLF1l0oxxxxx Y31np23680-10r2020-06-25w2020-06-25y4ZPréstamo en sala c23176d23176